000 00594nam a22001817a 4500
999 _c186804
_d186804
005 20220316174328.0
010 _aENG-132010
020 _a9788195020751
_c300.00
035 _aEN-115542
037 _bDBAD
082 _a324.2092
100 _aVerma, Abhas
245 _aBal Thackeray:
_bGodfather of Mumbai and Rise of Shiv Sena/
_cAbhas Verma
260 _aNoida
_bJitendra Anand Infratech Private Limited
_c2021
270 _bNoida
_a2203, Express Trade Towers-2, Sector-132
_e201304
_mjaipl3e@gmail.com
300 _a317p.
_c22cm(pbk)
942 _2ddc
_cEN
_h324.2092
_mVER